[Event "WY Boys-U14"]
[Site "Porto Carras GRE"]
[Date "2010.10.28"]
[Round "9.2"]
[White "Vaibhav, Suri"]
[Black "Boruchovsky, Avital"]
[Result "1-0"]
[WhiteTitle "IM"]
[WhiteElo "2418"]
[BlackElo "2250"]
[WhiteFideId "5045185"]
[BlackFideId "2800055"]
[EventDate "2010.10.20"]

1. e4 e5 2. Nf3 Nc6 3. Bb5 a6 4. Ba4 Nf6 5. O-O Nxe4 6. d4 b5 7. Bb3 d5 8. dxe5
Be6 9. Nbd2 Nc5 10. c3 Nxb3 11. Nxb3 Be7 12. Nfd4 Qd7 13. Nxc6 Qxc6 14. Be3 O-O
15. f4 f5 16. Qe2 Bc8 17. Qf2 Re8 18. Bc5 Bd8 19. Na5 Qe6 20. b4 c6 21. Bb6 Be7
22. Nb3 Qg6 23. a4 Bd7 24. Bc5 Qf7 25. Bxe7 Qxe7 26. Qc5 Qe6 27. Nd4 Qh6 28.
axb5 axb5 29. Rxa8 Rxa8 30. Qe7 Ra7 31. e6 1-0

[Event "WY Boys-U14"]
[Site "Porto Carras GRE"]
[Date "2010.10.28"]
[Round "9.3"]
[White "Lamard, Guillaume"]
[Black "Berbatov, Kiprian"]
[Result "1/2-1/2"]
[WhiteTitle "FM"]
[BlackTitle "IM"]
[WhiteElo "2186"]
[BlackElo "2461"]
[WhiteFideId "600261"]
[BlackFideId "2910446"]
[EventDate "2010.10.20"]

1. d4 Nf6 2. Nf3 g6 3. c4 Bg7 4. g3 O-O 5. Bg2 d5 6. cxd5 Nxd5 7. O-O Nb6 8. Nc3
Nc6 9. e3 Re8 10. Qe2 e5 11. dxe5 Nxe5 12. Nxe5 Bxe5 13. Rd1 Qe7 14. Bd2 c6 15.
Rac1 Be6 16. b3 Rad8 17. e4 h5 18. Be3 Rxd1+ 19. Nxd1 Rd8 20. Nb2 Bd4 21. Nd3
Bg4 22. Qe1 Qa3 23. Rc2 Bxe3 24. Qxe3 Qd6 25. Nb2 Be6 26. Bf1 Qd4 27. Qxd4 Rxd4
28. f3 a5 29. Nd3 a4 30. Rc3 axb3 31. axb3 Kf8 32. Kf2 Ke7 33. Ke3 Rd8 34. Be2
Ra8 35. Nc5 Bc8 36. b4 Ra2 37. h4 Rb2 38. Rb3 Rxb3+ 39. Nxb3 Nd7 40. Kd4 b6 41.
g4 hxg4 42. fxg4 Nf6 43. g5 Ne8 44. Ke5 Bd7 45. Nd2 Nc7 46. Nc4 b5 47. Nd6 Na6
48. h5 gxh5 49. Bxh5 Nxb4 50. Bxf7 Nd3+ 51. Kd4 Kxd6 52. Kxd3 Be6 53. Bxe6 Kxe6
54. Kd4 b4 55. Kc4 c5 1/2-1/2

[Event "WY Boys-U14"]
[Site "Porto Carras GRE"]
[Date "2010.10.28"]
[Round "9.5"]
[White "Grib, Roman"]
[Black "Girish, A. Koushik"]
[Result "1-0"]
[BlackTitle "FM"]
[WhiteElo "2250"]
[BlackElo "2342"]
[WhiteFideId "13506706"]
[BlackFideId "5038448"]
[EventDate "2010.10.20"]

1. e4 e5 2. Nf3 Nc6 3. Bb5 a6 4. Ba4 Nf6 5. O-O Be7 6. Re1 b5 7. Bb3 O-O 8. h3
Bb7 9. c3 d5 10. d4 exd4 11. e5 Ne4 12. cxd4 Na5 13. Bc2 f5 14. exf6 Bxf6 15.
Nc3 Re8 16. Bf4 Nc4 17. Qb1 Qe7 18. Ne5 Bxe5 19. dxe5 Rf8 20. Nxd5 Bxd5 21. Bxe4
Bxe4 22. Rxe4 Rad8 23. Qc1 Qe6 24. b3 Nb6 25. Bg3 Nd5 26. Qc5 Rd7 27. Rc1 Ne7
28. Bh4 Nf5 29. Bg5 h6 30. Be3 Ne7 31. a4 c6 32. b4 Rfd8 33. Kh2 Rd5 34. Qb6
bxa4 35. Rc5 Rd1 36. Qxa6 Qa2 37. Qc4+ Qxc4 38. Rexc4 Ra1 39. Ra5 Nf5 40. Bc5
Rdd1 41. g3 a3 42. Rc2 h5 43. Re2 g5 44. Kg2 g4 45. f3 Rd3 46. fxg4 Rxg3+ 47.
Kf2 hxg4 48. hxg4 Rxg4 49. e6 Rag1 50. Ra8+ Kh7 51. e7 R1g2+ 52. Ke1 Rxe2+ 53.
Kxe2 Nxe7 54. Ra7 Rg7 55. Rxe7 Rxe7+ 56. Bxe7 Kg6 57. Bc5 Kf5 58. Kd3 a2 59. Bd4
Ke6 60. Kc4 Kd6 61. Kb3 Kd5 62. Bc3 Kd6 63. Kxa2 c5 64. b5 c4 65. Ka3 Kc5 66.
Ka4 Kb6 67. Kb4 Kb7 68. Kxc4 Kb6 69. Bd4+ Kb7 70. Kc5 Kc7 71. b6+ Kb7 72. Kb5
Ka8 73. Kc6 Kb8 74. Be5+ Kc8 75. b7+ 1-0

[Event "WY Boys-U14"]
[Site "Porto Carras GRE"]
[Date "2010.10.28"]
[Round "9.6"]
[White "Alekseenko, Kirill"]
[Black "Javanbakht, Nima"]
[Result "1/2-1/2"]
[WhiteTitle "FM"]
[WhiteElo "2284"]
[BlackElo "2204"]
[WhiteFideId "4135539"]
[BlackFideId "12510670"]
[EventDate "2010.10.20"]

1. e4 c5 2. Nf3 Nc6 3. d4 cxd4 4. Nxd4 Nf6 5. Nc3 e5 6. Ndb5 d6 7. Bg5 a6 8. Na3
b5 9. Nd5 Be7 10. Bxf6 Bxf6 11. c3 Bg5 12. Nc2 O-O 13. a4 bxa4 14. Rxa4 a5 15.
Bc4 Rb8 16. Ra2 Kh8 17. Nce3 Bxe3 18. Nxe3 Ne7 19. O-O f5 20. exf5 Nxf5 21. Nxf5
Rxf5 22. Bd5 Ba6 23. c4 Qb6 24. b3 Rbf8 25. Qd3 R5f6 26. g3 Bc8 27. Kg2 Bb7 28.
f3 Bxd5 29. cxd5 h6 30. Rc2 e4 31. Qxe4 Qxb3 32. f4 Rf5 33. Rd2 Qb4 34. Rd4 Qb5
35. Rf2 g5 36. Rdd2 Qc5 37. h4 gxf4 38. Rxf4 Rxf4 39. gxf4 Rg8+ 40. Kf3 Qg1 41.
Qd4+ Qxd4 42. Rxd4 Ra8 43. Ke4 Kg7 44. Kf5 Kf7 45. Rc4 a4 46. Rc7+ Kg8 47. Ke6
a3 48. Rc1 a2 49. Ra1 Ra6 50. Ke7 h5 51. f5 Ra7+ 52. Kxd6 Kf7 53. Kc6 Ke7 54.
d6+ Kd8 55. f6 Ra6+ 56. Kd5 Kd7 57. f7 Rxd6+ 58. Ke5 Re6+ 59. Kf5 Re2 60. f8=N+
Kd6 61. Ng6 Kc5 62. Nf4 Rh2 63. Nd3+ Kc4 64. Nc1 Rxh4 65. Rxa2 Rh1 66. Rc2+ Kd4
67. Nb3+ Kd3 68. Rc8 h4 69. Kg4 h3 70. Kg3 Rg1+ 71. Kxh3 Rg7 72. Rd8+ Kc4 73.
Nd2+ Kc5 74. Ne4+ Kc6 75. Ng3 1/2-1/2

[Event "WY Boys-U14"]
[Site "Porto Carras GRE"]
[Date "2010.10.28"]
[Round "9.7"]
[White "Meng, Roger"]
[Black "Bortnik, Alexandr"]
[Result "0-1"]
[WhiteElo "2085"]
[BlackElo "2302"]
[WhiteFideId "1000152"]
[BlackFideId "14120828"]
[EventDate "2010.10.20"]

1. e4 Nf6 2. e5 Nd5 3. d4 d6 4. c4 Nb6 5. exd6 exd6 6. Nc3 Be7 7. Be3 O-O 8. Qf3
Nc6 9. O-O-O Be6 10. c5 Nc4 11. Bf4 Qc8 12. Qg3 N6a5 13. d5 Bg4 14. f3 Bf5 15.
b4 b5 16. bxa5 Qa6 17. Bxc4 bxc4 18. Nge2 Qxa5 19. cxd6 cxd6 20. Be3 Bf6 21. Bd4
Qa3+ 22. Kd2 Bxd4 23. Nxd4 Qb2+ 24. Ke1 Qxc3+ 25. Kf2 Qb2+ 26. Kg1 Bg6 27. h4 c3
28. Qf4 c2 29. Rc1 Rac8 30. h5 Bd3 31. Nc6 Rfe8 32. h6 Re2 33. Kh2 Qc3 34. Qxd6
Rce8 35. Qg3 Rxg2+ 36. Qxg2 Re2 37. Rhe1 Rxg2+ 38. Kxg2 gxh6 39. Ne5 Qd2+ 40.
Kg3 Be2 41. d6 Bd1 42. Re4 f5 43. Rc4 Qxc1 44. d7 Qd2 45. Rc3 Kg7 46. Rc7 Kf6
47. f4 Ke6 48. Rc8 Qe3+ 49. Kg2 Bf3+ 50. Nxf3 Qe2+ 51. Kg3 Kxd7 52. Rc3 Qd1 53.
Ne5+ Ke6 54. Nd3 c1=Q 55. Rxc1 Qxd3+ 0-1

[Event "WY Boys-U14"]
[Site "Porto Carras GRE"]
[Date "2010.10.28"]
[Round "9.8"]
[White "Santos Latasa, Jaime"]
[Black "Chu, Wei Chao"]
[Result "0-1"]
[WhiteElo "2263"]
[BlackElo "2075"]
[WhiteFideId "2293307"]
[BlackFideId "8605661"]
[EventDate "2010.10.20"]

1. e4 c5 2. Nf3 d6 3. d4 cxd4 4. Nxd4 Nf6 5. Nc3 a6 6. h3 g6 7. Be3 Bg7 8. Qd2
Nc6 9. g4 O-O 10. g5 Nh5 11. O-O-O Qa5 12. Nb3 Bxc3 13. Nxa5 Bxd2+ 14. Bxd2 Nxa5
15. Bxa5 Be6 16. b3 f6 17. gxf6 Rxf6 18. Bb6 Rc8 19. c4 Nf4 20. Bd4 Rff8 21. Kb2
h5 22. h4 Bg4 23. Re1 Ne6 24. Be3 Nc5 25. f4 Nxe4 26. Bg2 Bf5 27. Bd4 d5 28.
cxd5 Ng3 29. Rxe7 Rf7 30. Rxf7 Rc2+ 31. Ka3 Kxf7 32. Rh2 Be4 33. Bxe4 Rxh2 34.
Bf3 Nf5 35. Be5 Nxh4 36. Be4 Re2 37. Bd3 Rd2 38. Be4 Nf5 39. Kb4 h4 40. Kc5 h3
41. d6 Ke6 42. Bxb7 Rc2+ 43. Kb6 Nxd6 44. Bf3 h2 0-1

[Event "WY Boys-U14"]
[Site "Porto Carras GRE"]
[Date "2010.10.28"]
[Round "9.9"]
[White "Georgiadis, Nico"]
[Black "Harutyunian, Tigran K."]
[Result "1-0"]
[WhiteElo "2262"]
[BlackElo "2063"]
[WhiteFideId "1300113"]
[BlackFideId "13303635"]
[EventDate "2010.10.20"]

1. e4 c5 2. Nf3 d6 3. d4 cxd4 4. Nxd4 Nf6 5. Nc3 g6 6. Be3 Bg7 7. f3 Nc6 8. Qd2
O-O 9. Bc4 Bd7 10. O-O-O Rc8 11. Bb3 Nxd4 12. Bxd4 b5 13. Nd5 Nxd5 14. Bxg7 Kxg7
15. exd5 a5 16. a3 Kg8 17. Qd4 b4 18. axb4 axb4 19. h4 Bf5 20. h5 Qa5 21. Kd2
gxh5 22. Rxh5 Bg6 23. Rh4 Rc5 24. Ke3 Qa7 25. Rd2 Rfc8 26. Kf2 Ra8 27. Kg3 Qd7
28. Qe3 Rb8 29. Rdd4 h5 30. Qg5 Kg7 31. Rxh5 f6 32. Qh4 Bxh5 33. Qxh5 f5 34. Ba4
Qxa4 35. Qxf5 Rxd5 36. Rg4+ Kh8 37. Rh4+ Kg8 38. Qg6+ 1-0

[Event "WY Boys-U14"]
[Site "Porto Carras GRE"]
[Date "2010.10.28"]
[Round "9.10"]
[White "Tomici, Stefan"]
[Black "Gagare, Shardul"]
[Result "0-1"]
[BlackTitle "FM"]
[WhiteElo "2051"]
[BlackElo "2194"]
[WhiteFideId "1218417"]
[BlackFideId "5037883"]
[EventDate "2010.10.20"]

1. e4 c5 2. Nf3 g6 3. c3 d5 4. exd5 Qxd5 5. d4 Bg7 6. Be2 cxd4 7. cxd4 Nf6 8.
Nc3 Qd8 9. O-O O-O 10. Re1 Nc6 11. Bg5 Bg4 12. d5 Nb4 13. h3 Bf5 14. Nd4 Bc8 15.
Bf3 h6 16. Bh4 g5 17. Bg3 Nbxd5 18. Nxd5 Nxd5 19. Nb5 Nf4 20. Bxf4 gxf4 21. Qxd8
Rxd8 22. Rxe7 Bxb2 23. Rae1 Bf6 24. Re8+ Kg7 25. Rxd8 Bxd8 26. Nd6 Be6 27. Nxb7
Bb6 28. a4 Rc8 29. a5 Bd4 30. Rd1 Rc4 31. Nd6 Rb4 32. a6 Bc5 33. Bb7 Rb2 34. Ne4
Bb6 35. Rd2 Rb1+ 36. Kh2 f5 37. Nc3 Rf1 38. g4 fxg4 39. hxg4 Ba5 40. Kg2 Rc1 41.
Re2 Bc4 42. Re7+ Kf6 43. Rh7 Bf1+ 44. Kf3 Rxc3+ 45. Kxf4 Bc7+ 0-1

[Event "WY Boys-U14"]
[Site "Porto Carras GRE"]
[Date "2010.10.28"]
[Round "9.15"]
[White "Shetty, Atulya"]
[Black "Beradze, Irakli"]
[Result "0-1"]
[WhiteElo "2092"]
[BlackElo "2242"]
[WhiteFideId "2031213"]
[BlackFideId "13604597"]
[EventDate "2010.10.20"]

1. e4 c6 2. d4 g6 3. c3 d5 4. Nd2 Bg7 5. Bd3 dxe4 6. Nxe4 Nd7 7. Nf3 Ngf6 8. Ng3
O-O 9. O-O b6 10. Re1 Bb7 11. Qe2 e6 12. Bf4 Qc8 13. Ng5 c5 14. N5e4 Nxe4 15.
Nxe4 c4 16. Bc2 Qc6 17. f3 e5 18. dxe5 Nxe5 19. Rad1 Rad8 20. Rxd8 Rxd8 21. Rd1
Rd5 22. Rxd5 Qxd5 23. Nd2 Qe6 24. Be4 Ba6 25. Nf1 h5 26. Qd2 Nd3 27. Ng3 f5 28.
Bxd3 cxd3 29. b3 h4 30. Nf1 Qe2 31. Be3 Bxc3 32. Qc1 f4 33. Bxf4 Bd4+ 34. Kh1 h3 0-1

[Event "WY Boys-U14"]
[Site "Porto Carras GRE"]
[Date "2010.10.28"]
[Round "9.16"]
[White "Dastan, Batuhan"]
[Black "Ynojosa, Felix Jose"]
[Result "1/2-1/2"]
[WhiteElo "2087"]
[BlackElo "2229"]
[WhiteFideId "6300014"]
[BlackFideId "3900258"]
[EventDate "2010.10.20"]

1. e4 c5 2. Nf3 Nc6 3. d4 cxd4 4. Nxd4 e5 5. Nb5 d6 6. N1c3 a6 7. Na3 b5 8. Nd5
Nce7 9. Bg5 Rb8 10. c4 f6 11. Be3 Nxd5 12. cxd5 f5 13. exf5 Nf6 14. Bd3 Be7 15.
O-O O-O 16. Bc2 Bb7 17. Bb3 Qd7 18. Nc2 a5 19. a3 Kh8 20. Qd2 Qxf5 21. Ba7 Ra8
22. Ne3 Qd7 23. Bb6 Ne4 24. Qd3 Nc5 25. Bxc5 dxc5 26. Bc2 g6 27. a4 Ba6 28. Rfd1
b4 29. Qe4 Bd6 30. g3 Be2 31. Rd2 Bf3 32. Qc4 Qe7 33. Be4 Bxe4 34. Qxe4 Rf6 35.
Nc4 Qc7 36. Rb1 Rf5 37. b3 Raf8 38. Nb2 Qe7 39. Nc4 Qc7 40. Nb2 Qd8 41. Nc4 h5
42. h4 Kh7 43. Kg2 Kh8 44. Ne3 R5f6 45. Nc4 Rf5 46. Ne3 1/2-1/2

[Event "WY Boys-U14"]
[Site "Porto Carras GRE"]
[Date "2010.10.28"]
[Round "9.17"]
[White "Tran, Tuan Minh"]
[Black "Fargac, Martin"]
[Result "1-0"]
[WhiteTitle "FM"]
[WhiteElo "2227"]
[BlackElo "1887"]
[WhiteFideId "12401820"]
[BlackFideId "345245"]
[EventDate "2010.10.20"]

1. d4 Nf6 2. Nf3 d5 3. Bf4 c5 4. e3 Nc6 5. c3 Qb6 6. Na3 a6 7. Qb3 Qxb3 8. axb3
Bg4 9. Ne5 Nxe5 10. Bxe5 e6 11. f3 Bf5 12. g4 Bg6 13. g5 Nd7 14. Bg3 Rc8 15. h4
h6 16. Bg2 hxg5 17. hxg5 Rxh1+ 18. Bxh1 f6 19. gxf6 gxf6 20. Kf2 Kf7 21. Bg2 Rc6
22. Nb1 Bh6 23. f4 cxd4 24. exd4 Be4 25. Nd2 f5 26. Bxe4 dxe4 27. Nc4 Bg7 28.
Bh4 Ke8 29. Rg1 Kf7 30. Bd8 b5 31. Na5 Rc8 32. Nb7 Bf8 33. Bg5 Nb6 34. Nd8+ Ke8
35. Nxe6 a5 36. Nxf8 Kxf8 37. Bh6+ Kf7 38. Rg7+ Kf6 39. Ra7 Kg6 40. Bg5 a4 41.
bxa4 Nxa4 42. d5 Nxb2 43. d6 e3+ 44. Ke2 Na4 45. d7 Nxc3+ 46. Kxe3 Nd5+ 47. Kd4
Rb8 48. Kxd5 1-0

[Event "WY Boys-U14"]
[Site "Porto Carras GRE"]
[Date "2010.10.29"]
[Round "10.1"]
[White "Izzat, Kanan Azar oglu"]
[Black "Vaibhav, Suri"]
[Result "1/2-1/2"]
[BlackTitle "IM"]
[WhiteElo "2139"]
[BlackElo "2418"]
[WhiteFideId "13405209"]
[BlackFideId "5045185"]
[EventDate "2010.10.20"]

1. d4 Nf6 2. c4 e6 3. g3 d5 4. Nf3 Bb4+ 5. Bd2 Be7 6. Bg2 O-O 7. O-O c6 8. Qc2
b6 9. Bf4 Ba6 10. Nbd2 Nbd7 11. e4 Nxe4 12. Nxe4 dxe4 13. Ne5 Nxe5 14. dxe5 Qd3
15. Rac1 Qxc2 16. Rxc2 Rfd8 17. Be3 Rac8 18. Bxe4 Rd7 19. b3 c5 20. Rd2 Rcd8 21.
Rxd7 Rxd7 22. f4 Bb7 23. Bxb7 Rxb7 24. Rd1 h5 25. Kf2 Kf8 26. Kf3 Ke8 27. Ke4
Rd7 28. Rxd7 Kxd7 29. h3 g6 30. g4 hxg4 31. hxg4 Bd8 1/2-1/2

[Event "WY Boys-U14"]
[Site "Porto Carras GRE"]
[Date "2010.10.29"]
[Round "10.2"]
[White "Shiven, Khosla"]
[Black "Grib, Roman"]
[Result "1/2-1/2"]
[WhiteElo "2354"]
[BlackElo "2250"]
[WhiteFideId "5026415"]
[BlackFideId "13506706"]
[EventDate "2010.10.20"]

1. e4 e5 2. Nf3 Nc6 3. Bb5 a6 4. Ba4 Nf6 5. O-O Be7 6. Re1 b5 7. Bb3 O-O 8. h3
d6 9. c3 Nd7 10. d4 Bf6 11. a4 Bb7 12. Na3 exd4 13. cxd4 Na5 14. Bd5 Bxd5 15.
exd5 Nb6 16. axb5 axb5 17. Nxb5 Nxd5 18. Nc3 Nc4 19. Ra4 Ncb6 20. Rxa8 Qxa8 21.
Ne4 Qc6 22. h4 Re8 23. h5 h6 24. Nh2 Bd8 25. Qg4 Qd7 26. Qd1 Nf6 27. Nxf6+ Bxf6
28. Rxe8+ Qxe8 29. Nf3 Qe4 30. Be3 Nd5 31. Qc1 Qf5 32. Qc6 Kh7 33. Qe8 Be7 34.
Qc6 Kg8 35. Qa8+ Bf8 36. Qc6 Qxh5 37. Bg5 Nb4 38. Qb5 Nc2 39. Qc4 Nxd4 40. Qxd4
hxg5 41. Qd5 Qg6 42. Nxg5 c6 43. Qd2 d5 44. Nf3 Qe4 45. Qe1 Qc2 46. Nd4 Qxb2 47.
Nxc6 Qf6 48. Ne5 Qf5 49. Nf3 g6 50. Qd1 Bg7 51. Ne1 d4 52. Qd3 Qa5 53. Kf1 Bf6
54. Ke2 Kg7 55. Kf1 Qa2 56. Qe2 Qa1 57. Qd3 Be7 58. Ke2 Qb2+ 59. Qc2 Qb5+ 60.
Qd3 Qe5+ 61. Kf1 Bc5 62. Nf3 Qd5 63. Ke2 Qa2+ 64. Nd2 Qb2 65. Qb3 Qxb3 66. Nxb3
d3+ 67. Kxd3 Bxf2 68. Ke2 Bb6 69. Kf3 Kh6 70. Nd2 Bc7 1/2-1/2

[Event "WY Boys-U14"]
[Site "Porto Carras GRE"]
[Date "2010.10.29"]
[Round "10.4"]
[White "Berbatov, Kiprian"]
[Black "Javanbakht, Nima"]
[Result "0-1"]
[WhiteTitle "IM"]
[WhiteElo "2461"]
[BlackElo "2204"]
[WhiteFideId "2910446"]
[BlackFideId "12510670"]
[EventDate "2010.10.20"]

1. e4 c5 2. Nf3 Nc6 3. d4 cxd4 4. Nxd4 Nf6 5. Nc3 e5 6. Ndb5 d6 7. Bg5 a6 8. Na3
b5 9. Bxf6 gxf6 10. Nd5 f5 11. Bd3 Be6 12. c3 Bg7 13. Nxb5 axb5 14. Bxb5 Bd7 15.
exf5 O-O 16. O-O Nb8 17. Qg4 h5 18. Qf3 e4 19. Qxe4 Re8 20. Qd3 Re5 21. Bxd7
Nxd7 22. Rfd1 Nf6 23. Ne3 Ng4 24. Nc4 Qh4 25. Qg3 Qxg3 26. hxg3 Rxf5 27. f3 Nf6
28. Nxd6 Rfa5 29. a3 Ne8 30. Nc4 Rc5 31. Nb6 Ra6 32. Nd5 Nd6 33. Nb4 Rb6 34.
Rac1 Nc4 35. Rc2 Rg5 36. Kf2 Bf8 37. f4 Ra5 38. Rd8 Kg7 39. Rc8 Bc5+ 40. Kf3 Re6
41. Nd5 Nb6 42. f5 Re1 43. Rxc5 Rxc5 44. Kf2 Re8 45. Nxb6 Rxf5+ 46. Kg1 Re1+ 47.
Kh2 Rff1 48. g4 h4 49. g3 Rh1+ 50. Kg2 h3+ 0-1

[Event "WY Boys-U14"]
[Site "Porto Carras GRE"]
[Date "2010.10.29"]
[Round "10.6"]
[White "Chu, Wei Chao"]
[Black "Georgiadis, Nico"]
[Result "1/2-1/2"]
[WhiteElo "2075"]
[BlackElo "2262"]
[WhiteFideId "8605661"]
[BlackFideId "1300113"]
[EventDate "2010.10.20"]

1. d4 Nf6 2. c4 c5 3. d5 b5 4. cxb5 a6 5. bxa6 g6 6. Nc3 Bxa6 7. Nf3 d6 8. g3
Nbd7 9. e4 Bxf1 10. Kxf1 Bg7 11. Kg2 O-O 12. Re1 Qa5 13. h3 Rfb8 14. Qc2 Nb6 15.
Bg5 Nc4 16. b3 Na3 17. Qd2 Nd7 18. Rac1 Bxc3 19. Qxc3 Qxc3 20. Rxc3 f6 21. Be3
Ra6 22. Rcc1 Ne5 23. Nxe5 fxe5 24. f4 Nb5 25. Re2 exf4 26. gxf4 Ra3 27. Rcc2
Rba8 28. Kf3 Kf7 29. e5 Nc7 30. Ke4 Rb8 31. e6+ Kg8 32. Bc1 Rb4+ 33. Kf3 Ra8 34.
Red2 Nb5 35. Rc4 Rxc4 36. bxc4 Na3 37. Bxa3 Rxa3+ 38. Kg4 Kg7 39. f5 Rc3 40.
fxg6 Kxg6 41. Rf2 h5+ 42. Kf4 Rxc4+ 43. Ke3 Rc3+ 44. Ke4 Rc4+ 45. Ke3 Rd4 46.
Rf7 Rxd5 47. Rxe7 Kf6 48. Re8 Re5+ 49. Kd3 Rxe6 50. Rh8 Re5 51. Kc4 Re4+ 52. Kb5
Rh4 53. a4 Rxh3 54. a5 Kg7 55. Rd8 Rb3+ 56. Kc6 c4 57. Rxd6 c3 58. Rd4 Rb8 59.
Kc7 Ra8 60. Kb6 Rb8+ 61. Kc7 Ra8 62. Kb6 1/2-1/2

[Event "WY Boys-U14"]
[Site "Porto Carras GRE"]
[Date "2010.10.29"]
[Round "10.8"]
[White "Beradze, Irakli"]
[Black "Rapport, Richard"]
[Result "0-1"]
[BlackTitle "GM"]
[WhiteElo "2242"]
[BlackElo "2523"]
[WhiteFideId "13604597"]
[BlackFideId "738590"]
[EventDate "2010.10.20"]

1. e4 e5 2. Nf3 Nc6 3. Bc4 Bc5 4. c3 Nf6 5. d3 O-O 6. Bb3 d6 7. h3 Bb6 8. Nbd2
h6 9. Nf1 Be6 10. Bc2 d5 11. Qe2 d4 12. c4 Ba5+ 13. Bd2 Bxd2+ 14. Qxd2 Nh5 15.
Ba4 Qf6 16. O-O-O a5 17. Ne1 Nb4 18. a3 Na6 19. Ng3 Nf4 20. Ne2 Nxe2+ 21. Qxe2
Nc5 22. Bc2 b5 23. cxb5 Rab8 24. a4 c6 25. Nf3 cxb5 26. Kd2 bxa4 0-1

[Event "WY Boys-U14"]
[Site "Porto Carras GRE"]
[Date "2010.10.29"]
[Round "10.12"]
[White "Csonka, Balazs"]
[Black "Flermoen, Peter"]
[Result "0-1"]
[WhiteElo "2263"]
[BlackElo "2155"]
[WhiteFideId "742910"]
[BlackFideId "1507303"]
[EventDate "2010.10.20"]

1. d4 Nf6 2. c4 g6 3. Nc3 d5 4. Nf3 Bg7 5. Bg5 Ne4 6. cxd5 Nxg5 7. Nxg5 e6 8.
Nf3 exd5 9. e3 O-O 10. b4 Bf5 11. Be2 Qd6 12. Qb3 c6 13. O-O Rd8 14. Rfc1 Bf8
15. b5 Nd7 16. a4 Nf6 17. Qd1 Rac8 18. Bd3 Bxd3 19. Qxd3 c5 20. dxc5 Rxc5 21.
Nd4 Rdc8 22. Rc2 Ng4 23. g3 Ne5 24. Qd2 Rc4 25. Kg2 Qc7 26. Nde2 Bb4 27. Rac1 b6
28. f4 Ng4 29. h3 Nf6 30. Qd3 Qc5 31. g4 h6 32. g5 hxg5 33. fxg5 Ne4 34. Nxe4
dxe4 35. Qxc4 Qxg5+ 36. Ng3 Rxc4 37. Rxc4 Bd6 38. Rc8+ Kg7 0-1

[Event "WY Boys-U14"]
[Site "Porto Carras GRE"]
[Date "2010.10.29"]
[Round "10.15"]
[White "Ynojosa, Felix Jose"]
[Black "Meng, Roger"]
[Result "1-0"]
[WhiteElo "2229"]
[BlackElo "2085"]
[WhiteFideId "3900258"]
[BlackFideId "1000152"]
[EventDate "2010.10.20"]

1. e4 c5 2. c3 g6 3. d4 cxd4 4. cxd4 d5 5. exd5 Nf6 6. Bb5+ Nbd7 7. Nc3 Bg7 8.
d6 exd6 9. Qe2+ Kf8 10. Nf3 Nb6 11. O-O h6 12. h3 Kg8 13. Bd3 Kh7 14. Bf4 Nbd5
15. Bg3 Re8 16. Qd2 a6 17. Rfe1 Be6 18. Ne4 Nxe4 19. Rxe4 Nf6 20. Re2 Qb6 21.
Qf4 Rad8 22. Bh4 Nd5 23. Bxd8 Qxd8 24. Qd2 Qf6 25. Ree1 Nf4 26. d5 Bxd5 27. Rxe8
Bxf3 28. gxf3 Qg5+ 29. Kf1 Bd4 30. Bxg6+ fxg6 31. Qxd4 Qb5+ 32. Ke1 Qxe8+ 33.
Qe4 Qf7 34. Kd2 Nxh3 35. Rc1 Ng5 36. Qd3 Nxf3+ 37. Kc2 Ne5 38. Qxd6 Qf5+ 39. Kb3
Qf7+ 40. Kc2 Nc4 41. Qd4 Qf5+ 42. Kc3 Ne5 43. Rd1 h5 44. a4 Qf3+ 45. Kc2 Nc6 46.
Qd7+ Kh6 47. Qd2+ Kh7 48. Qe1 Qg4 49. Kb1 h4 50. f3 Qf5+ 51. Ka1 Qf4 52. Rd7+
Kh6 53. Qc3 Qxa4+ 54. Kb1 Kg5 55. Qe3+ Kf6 56. Rd6+ Kg7 57. Qe6 1-0

[Event "WY Boys-U14"]
[Site "Porto Carras GRE"]
[Date "2010.10.29"]
[Round "10.16"]
[White "Harutyunian, Tigran K."]
[Black "Svane, Rasmus"]
[Result "1-0"]
[WhiteElo "2063"]
[BlackElo "2208"]
[WhiteFideId "13303635"]
[BlackFideId "4657101"]
[EventDate "2010.10.20"]

1. d4 d5 2. Nf3 Nf6 3. Bf4 c5 4. e3 Nc6 5. c3 Qb6 6. Qb3 c4 7. Qc2 Bf5 8. Qc1 h6
9. Be2 e6 10. Nbd2 Rc8 11. h3 Be7 12. O-O O-O 13. Re1 Qa5 14. Bd1 b5 15. a3 Qd8
16. Bc2 Bd6 17. Bxd6 Qxd6 18. a4 b4 19. e4 Nxe4 20. Bxe4 Bxe4 21. Nxe4 dxe4 22.
Rxe4 Ne7 23. Ne5 Nd5 24. Rg4 Kh8 25. Rg3 Rc7 26. Qd1 Nf6 27. Qe2 bxc3 28. bxc3
Rb8 29. Rf3 Rb3 30. Qd2 Kg8 31. Re1 Nd5 32. Rg3 Kf8 33. Qc2 Rbb7 34. Qh7 g6 35.
Rf3 Ke8 36. Qxh6 Rb3 37. Qh7 Rbb7 38. h4 Re7 39. Qg8# 1-0

[Event "WY Boys-U14"]
[Site "Porto Carras GRE"]
[Date "2010.10.29"]
[Round "10.18"]
[White "Wagner, Dennis"]
[Black "Tomici, Stefan"]
[Result "1/2-1/2"]
[WhiteElo "2166"]
[BlackElo "2051"]
[WhiteFideId "24650684"]
[BlackFideId "1218417"]
[EventDate "2010.10.20"]

1. d4 d5 2. c4 e6 3. Nc3 c5 4. cxd5 exd5 5. Nf3 Nc6 6. g3 Nf6 7. Bg2 Be7 8. O-O
O-O 9. Bg5 cxd4 10. Nxd4 h6 11. Be3 Re8 12. Rc1 Bf8 13. Nxc6 bxc6 14. Na4 Bd7
15. Bc5 Bxc5 16. Nxc5 Bg4 17. Re1 Qa5 18. h3 Bf5 19. Qd4 Be4 20. Nxe4 Nxe4 21.
Red1 Qa6 22. e3 Qe2 23. Bxe4 Rxe4 24. Qd2 Qf3 25. Re1 Rae8 26. Qe2 Qf5 27. Kg2
d4 28. Qf3 Qe6 29. a4 dxe3 30. Rxe3 Rxe3 31. Qxe3 Qxe3 32. fxe3 Rxe3 33. Rxc6
Re2+ 34. Kf3 Rxb2 35. Rc7 Rb3+ 36. Kf2 Rb2+ 37. Kf3 Rb3+ 1/2-1/2

[Event "WY Boys-U14"]
[Site "Porto Carras GRE"]
[Date "2010.10.30"]
[Round "11.2"]
[White "Vaibhav, Suri"]
[Black "Alekseenko, Kirill"]
[Result "0-1"]
[WhiteTitle "IM"]
[BlackTitle "FM"]
[WhiteElo "2418"]
[BlackElo "2284"]
[WhiteFideId "5045185"]
[BlackFideId "4135539"]
[EventDate "2010.10.20"]

1. e4 c5 2. Nf3 Nc6 3. d4 cxd4 4. Nxd4 Nf6 5. Nc3 d6 6. Bc4 Qb6 7. Nb3 e6 8. Bf4
Ne5 9. Be2 a6 10. g4 Be7 11. Be3 Qc7 12. g5 Nfd7 13. Qd4 O-O 14. f4 Nc6 15. Qd2
b5 16. O-O-O Nc5 17. Nxc5 dxc5 18. e5 Rd8 19. Qe1 Bb7 20. Rxd8+ Rxd8 21. Rf1 b4
22. Nd1 c4 23. Qf2 b3 24. a3 bxc2 25. Nc3 Rb8 26. Bf3 Na5 27. Ba7 Nb3+ 28. Kxc2
Bxf3 29. Bxb8 Qxb8 30. Kb1 Bg4 31. Ka2 Bc5 32. Qg2 Bf5 33. Qc6 Bd3 34. Rd1 Nd4
35. Qxc5 Qb3+ 36. Ka1 Qxd1+ 37. Nxd1 Nb3+ 38. Ka2 Nxc5 39. Ne3 Kf8 0-1

[Event "WY Boys-U14"]
[Site "Porto Carras GRE"]
[Date "2010.10.30"]
[Round "11.3"]
[White "Javanbakht, Nima"]
[Black "Shiven, Khosla"]
[Result "0-1"]
[WhiteElo "2204"]
[BlackElo "2354"]
[WhiteFideId "12510670"]
[BlackFideId "5026415"]
[EventDate "2010.10.20"]

1. d4 Nf6 2. c4 g6 3. Nc3 Bg7 4. e4 d6 5. f3 O-O 6. Be3 a6 7. Qd2 Nbd7 8. Nh3 c5
9. Nf2 Qa5 10. dxc5 dxc5 11. f4 e5 12. f5 Nb8 13. g4 Nc6 14. g5 Rd8 15. Qc1 Nh5
16. f6 Bf8 17. Bd2 Re8 18. Nd5 Qd8 19. Be2 Nf4 20. Bxf4 exf4 21. Qxf4 Nd4 22.
Kf1 Be6 23. Bd3 Bd6 24. Qd2 Bxd5 25. cxd5 Qc7 26. h4 Bf4 27. Qd1 c4 28. Rc1 Be3
29. Rxc4 Qf4 30. Qe1 Nf3 31. e5 Nxe1 32. Rxf4 Bxf4 33. Kxe1 Rxe5+ 34. Kf1 Rxd5
35. Be4 Rd2 36. Rh3 Re8 37. Bxb7 Rxb2 38. Bxa6 Be3 39. Ng4 Ba7 40. Bd3 Rc8 0-1